00281nam a2200121Ia 4500003000900000005001700009008004100026040001600067080002000083245002800103260001700131650001100148IN-BaIIA20250701140815.0211028s9999 xx 000 0 eng d cIIA Library a551.576.12bCLO 0aCloud forms 6th edition aLondonc1949 aClouds